Wichita Suburbs - Statistics

General Stats
  • This quiz has been taken 12 times
  • The average score is 8 of 18
Answer Stats
Community Stance Answer % Correct
City Andover
89%
City Andover
89%
City Derby
78%
City Haysville
67%
City Bel Aire
56%
City Maize
56%
City Park City
56%
City Eastborough
44%
City Valley Center
44%
City Goddard
33%
City Kechi
33%
CDP Greenwich
22%
CDP McConnell AFB
22%
CDP Oaklawn-Sunview
22%
Unincorporated Schulte
22%
City Wichita
22%
Unincorporated Minneha
11%
Unincorporated Oatville
11%
No matching quizzes found
Score Distribution
Percent of People with Each Score
Percentile by Number Answered
Your Score History
You have not taken this quiz